Programa de formación en economía y política económica para Centroamérica y el Caribe

Salvato in:
Dettagli Bibliografici
Ente Autore: Universidad Nacional
Natura: testo
Pubblicazione: Heredia: Universidad Nacional
Tags: Aggiungi Tag
Nessun Tag, puoi essere il primo ad aggiungerne!!

MARC

LEADER 00000 a a2200000 04500
001 20968
003
040
090 |a 090100  
110 |a Universidad Nacional  
245 |a Programa de formación en economía y política económica para Centroamérica y el Caribe  
260 |a Heredia:   |b Universidad Nacional  
300 |a 75 p.  
999 |c 3702  |d 3702